<?xml version="1.0" encoding="UTF-8"?>
<collection xmlns="http://www.loc.gov/MARC21/slim">
 <record>
  <leader>03987cas a2200781   4500</leader>
  <controlfield tag="001">129065331</controlfield>
  <controlfield tag="003">DE-627</controlfield>
  <controlfield tag="005">20250117124223.0</controlfield>
  <controlfield tag="007">tu</controlfield>
  <controlfield tag="008">931114c19689999xxkz| p|  b   0   |0eng c</controlfield>
  <datafield tag="016" ind1="7" ind2=" ">
   <subfield code="a">010011536</subfield>
   <subfield code="2">DE-101</subfield>
  </datafield>
  <datafield tag="016" ind1="7" ind2=" ">
   <subfield code="a">1060-1</subfield>
   <subfield code="2">DE-600</subfield>
  </datafield>
  <datafield tag="022" ind1=" " ind2=" ">
   <subfield code="a">0020-7950</subfield>
  </datafield>
  <datafield tag="035" ind1=" " ind2=" ">
   <subfield code="a">(DE-627)129065331</subfield>
  </datafield>
  <datafield tag="035" ind1=" " ind2=" ">
   <subfield code="a">(DE-576)014396505</subfield>
  </datafield>
  <datafield tag="035" ind1=" " ind2=" ">
   <subfield code="a">(DE-599)ZDB1060-1</subfield>
  </datafield>
  <datafield tag="035" ind1=" " ind2=" ">
   <subfield code="a">(OCoLC)1367301236</subfield>
  </datafield>
  <datafield tag="040" ind1=" " ind2=" ">
   <subfield code="a">DE-627</subfield>
   <subfield code="b">ger</subfield>
   <subfield code="c">DE-627</subfield>
   <subfield code="e">rakwb</subfield>
  </datafield>
  <datafield tag="041" ind1=" " ind2=" ">
   <subfield code="a">eng</subfield>
  </datafield>
  <datafield tag="044" ind1=" " ind2=" ">
   <subfield code="c">XA-GB</subfield>
   <subfield code="c">XA-BE</subfield>
  </datafield>
  <datafield tag="082" ind1="0" ind2="4">
   <subfield code="a">940</subfield>
   <subfield code="q">DE-101</subfield>
  </datafield>
  <datafield tag="082" ind1="0" ind2="4">
   <subfield code="a">940</subfield>
   <subfield code="q">DE-600</subfield>
  </datafield>
  <datafield tag="084" ind1=" " ind2=" ">
   <subfield code="a">NC 4700</subfield>
   <subfield code="2">rvk</subfield>
   <subfield code="0">(DE-625)rvk/124601:</subfield>
  </datafield>
  <datafield tag="084" ind1=" " ind2=" ">
   <subfield code="a">NM 1200</subfield>
   <subfield code="2">rvk</subfield>
   <subfield code="0">(DE-625)rvk/126289:</subfield>
  </datafield>
  <datafield tag="084" ind1=" " ind2=" ">
   <subfield code="a">15.30</subfield>
   <subfield code="2">bkl</subfield>
  </datafield>
  <datafield tag="210" ind1="1" ind2="0">
   <subfield code="a">IMB</subfield>
  </datafield>
  <datafield tag="210" ind1="1" ind2="0">
   <subfield code="a">Int Medieval Bibliogr</subfield>
  </datafield>
  <datafield tag="245" ind1="1" ind2="0">
   <subfield code="a">International medieval bibliography</subfield>
   <subfield code="b">multidisciplinary bibliography of the Middle Ages</subfield>
   <subfield code="c">Institute for Medieval Studies, University of Leeds</subfield>
  </datafield>
  <datafield tag="247" ind1="1" ind2="0">
   <subfield code="a">IMB</subfield>
   <subfield code="f">Zusatz anfangs</subfield>
  </datafield>
  <datafield tag="247" ind1="1" ind2="0">
   <subfield code="a">Bibliography for the study of the European middle ages</subfield>
   <subfield code="f">Zusatz anfangs</subfield>
  </datafield>
  <datafield tag="264" ind1="3" ind2="1">
   <subfield code="a">Leeds [u.a.]</subfield>
   <subfield code="b">Univ.</subfield>
   <subfield code="c">1968-</subfield>
  </datafield>
  <datafield tag="264" ind1="3" ind2="1">
   <subfield code="a">Turnhout</subfield>
   <subfield code="b">Brepols</subfield>
   <subfield code="c">1968-</subfield>
  </datafield>
  <datafield tag="264" ind1="2" ind2="1">
   <subfield code="a">Leeds</subfield>
   <subfield code="b">Internat. Medieval Bibliogr.</subfield>
   <subfield code="c">1968-</subfield>
  </datafield>
  <datafield tag="264" ind1="2" ind2="1">
   <subfield code="a">Minneapolis, Minn.</subfield>
   <subfield code="b">Univ. of Minn., Dep. of History</subfield>
   <subfield code="c">1968-</subfield>
  </datafield>
  <datafield tag="336" ind1=" " ind2=" ">
   <subfield code="a">Text</subfield>
   <subfield code="b">txt</subfield>
   <subfield code="2">rdacontent</subfield>
  </datafield>
  <datafield tag="337" ind1=" " ind2=" ">
   <subfield code="a">ohne Hilfsmittel zu benutzen</subfield>
   <subfield code="b">n</subfield>
   <subfield code="2">rdamedia</subfield>
  </datafield>
  <datafield tag="338" ind1=" " ind2=" ">
   <subfield code="a">Band</subfield>
   <subfield code="b">nc</subfield>
   <subfield code="2">rdacarrier</subfield>
  </datafield>
  <datafield tag="362" ind1="0" ind2=" ">
   <subfield code="a">[1.]1967(1968) - [20.]1986(1987); 21.1987(1988) -</subfield>
  </datafield>
  <datafield tag="363" ind1="0" ind2="1">
   <subfield code="a">1</subfield>
   <subfield code="i">1967</subfield>
  </datafield>
  <datafield tag="363" ind1="1" ind2="0">
   <subfield code="i">1986</subfield>
   <subfield code="a">20</subfield>
  </datafield>
  <datafield tag="500" ind1=" " ind2=" ">
   <subfield code="a">Fortsetzung der CD-ROM-Ausgabe</subfield>
  </datafield>
  <datafield tag="500" ind1=" " ind2=" ">
   <subfield code="a">Urh. anfangs: International Medieval Institute, University of Leeds</subfield>
  </datafield>
  <datafield tag="655" ind1=" " ind2="7">
   <subfield code="a">Zeitschrift</subfield>
   <subfield code="0">(DE-588)4067488-5</subfield>
   <subfield code="0">(DE-627)10454466X</subfield>
   <subfield code="0">(DE-576)20917000X</subfield>
   <subfield code="2">gnd-content</subfield>
  </datafield>
  <datafield tag="655" ind1=" " ind2="7">
   <subfield code="a">Bibliografie</subfield>
   <subfield code="0">(DE-588)4006432-3</subfield>
   <subfield code="0">(DE-627)104814519</subfield>
   <subfield code="0">(DE-576)208865578</subfield>
   <subfield code="2">gnd-content</subfield>
  </datafield>
  <datafield tag="689" ind1="0" ind2="0">
   <subfield code="d">s</subfield>
   <subfield code="0">(DE-588)4129108-6</subfield>
   <subfield code="0">(DE-627)104535474</subfield>
   <subfield code="0">(DE-576)209607793</subfield>
   <subfield code="a">Mittelalter</subfield>
   <subfield code="2">gnd</subfield>
  </datafield>
  <datafield tag="689" ind1="0" ind2="1">
   <subfield code="d">s</subfield>
   <subfield code="0">(DE-588)4006432-3</subfield>
   <subfield code="0">(DE-627)104814519</subfield>
   <subfield code="0">(DE-576)208865578</subfield>
   <subfield code="a">Bibliografie</subfield>
   <subfield code="2">gnd</subfield>
  </datafield>
  <datafield tag="689" ind1="0" ind2=" ">
   <subfield code="5">DE-101</subfield>
  </datafield>
  <datafield tag="689" ind1="1" ind2="0">
   <subfield code="d">s</subfield>
   <subfield code="0">(DE-588)4129108-6</subfield>
   <subfield code="0">(DE-627)104535474</subfield>
   <subfield code="0">(DE-576)209607793</subfield>
   <subfield code="a">Mittelalter</subfield>
   <subfield code="2">gnd</subfield>
  </datafield>
  <datafield tag="689" ind1="1" ind2=" ">
   <subfield code="5">DE-101</subfield>
  </datafield>
  <datafield tag="689" ind1="2" ind2="0">
   <subfield code="d">s</subfield>
   <subfield code="0">(DE-588)4129108-6</subfield>
   <subfield code="0">(DE-627)104535474</subfield>
   <subfield code="0">(DE-576)209607793</subfield>
   <subfield code="a">Mittelalter</subfield>
   <subfield code="2">gnd</subfield>
  </datafield>
  <datafield tag="689" ind1="2" ind2=" ">
   <subfield code="5">(DE-627)</subfield>
  </datafield>
  <datafield tag="710" ind1="2" ind2=" ">
   <subfield code="a">University of Leeds</subfield>
   <subfield code="b">Institute for Medieval Studies</subfield>
   <subfield code="e">Herausgebendes Organ</subfield>
   <subfield code="0">(DE-588)10099728-4</subfield>
   <subfield code="0">(DE-627)482568399</subfield>
   <subfield code="0">(DE-576)200223763</subfield>
   <subfield code="4">isb</subfield>
  </datafield>
  <datafield tag="710" ind1="2" ind2=" ">
   <subfield code="a">University of Leeds</subfield>
   <subfield code="b">International Medieval Institute</subfield>
   <subfield code="e">Herausgebendes Organ</subfield>
   <subfield code="0">(DE-588)10056850-6</subfield>
   <subfield code="0">(DE-627)364430419</subfield>
   <subfield code="0">(DE-576)199500983</subfield>
   <subfield code="4">isb</subfield>
  </datafield>
  <datafield tag="776" ind1="0" ind2="8">
   <subfield code="i">Erscheint auch als</subfield>
   <subfield code="n">Online-Ausg.</subfield>
   <subfield code="t">International medieval bibliography</subfield>
   <subfield code="d">Turnhout : Brepols, 2001</subfield>
   <subfield code="h">Online-Ressource</subfield>
   <subfield code="w">(DE-627)343040026</subfield>
   <subfield code="w">(DE-600)2073933-3</subfield>
   <subfield code="w">(DE-576)252114132</subfield>
  </datafield>
  <datafield tag="776" ind1="0" ind2="8">
   <subfield code="i">Erscheint auch als</subfield>
   <subfield code="n">CD-ROM-Ausgabe, 1984-2014</subfield>
   <subfield code="t">International medieval bibliography</subfield>
   <subfield code="d">Turnhout : Brepols, 1995</subfield>
   <subfield code="h">CD-ROMs + DVDs</subfield>
   <subfield code="w">(DE-627)215038150</subfield>
   <subfield code="w">(DE-600)1333698-8</subfield>
   <subfield code="w">(DE-576)054259568</subfield>
  </datafield>
  <datafield tag="787" ind1="0" ind2="8">
   <subfield code="i">Rezensiert in</subfield>
   <subfield code="n">Jahrgang 1969</subfield>
   <subfield code="a">Voss, Jürgen, 1939 - </subfield>
   <subfield code="t">[Rezension von: R.S. Hoyt, P.H. Sawyer, International medieval bibliography]</subfield>
   <subfield code="d">München : Wilhelm Fink Verlag, 1973</subfield>
   <subfield code="w">(DE-627)1577636937</subfield>
   <subfield code="w">(DE-576)507636937</subfield>
  </datafield>
  <datafield tag="889" ind1=" " ind2=" ">
   <subfield code="w">(DE-627)1869359909</subfield>
  </datafield>
  <datafield tag="935" ind1=" " ind2=" ">
   <subfield code="a">mteo</subfield>
  </datafield>
  <datafield tag="936" ind1="r" ind2="v">
   <subfield code="a">NC 4700</subfield>
   <subfield code="b">Mittelalter (einschl. Byzanz)</subfield>
   <subfield code="k">Geschichte</subfield>
   <subfield code="k">Historische Hilfsmittel</subfield>
   <subfield code="k">Bibliografien und Quellenkunden</subfield>
   <subfield code="k">Einzelne Zeitabschnitte</subfield>
   <subfield code="k">Mittelalter (einschl. Byzanz)</subfield>
   <subfield code="0">(DE-627)1270878689</subfield>
   <subfield code="0">(DE-625)rvk/124601:</subfield>
   <subfield code="0">(DE-576)200878689</subfield>
  </datafield>
  <datafield tag="936" ind1="r" ind2="v">
   <subfield code="a">NM 1200</subfield>
   <subfield code="b">Allgemeines</subfield>
   <subfield code="k">Geschichte</subfield>
   <subfield code="k">Geschichte des Mittelalters</subfield>
   <subfield code="k">Quellen und Darstellungen zum Gesamtzeitraum</subfield>
   <subfield code="k">Darstellungen</subfield>
   <subfield code="k">Allgemeines</subfield>
   <subfield code="0">(DE-627)1270931849</subfield>
   <subfield code="0">(DE-625)rvk/126289:</subfield>
   <subfield code="0">(DE-576)200931849</subfield>
  </datafield>
  <datafield tag="936" ind1="b" ind2="k">
   <subfield code="a">15.30</subfield>
   <subfield code="j">Europäische Geschichte in Mittelalter und Neuzeit: Allgemeines</subfield>
   <subfield code="0">(DE-627)181571544</subfield>
  </datafield>
  <datafield tag="951" ind1=" " ind2=" ">
   <subfield code="a">JT</subfield>
  </datafield>
  <datafield tag="990" ind1=" " ind2=" ">
   <subfield code="a">Mittelalter</subfield>
  </datafield>
  <datafield tag="990" ind1=" " ind2=" ">
   <subfield code="a">Bibliografie</subfield>
  </datafield>
  <datafield tag="990" ind1=" " ind2=" ">
   <subfield code="a">Mittelalter</subfield>
  </datafield>
  <datafield tag="990" ind1=" " ind2=" ">
   <subfield code="a">Mittelalter</subfield>
  </datafield>
  <datafield tag="991" ind1=" " ind2=" ">
   <subfield code="a">Rezensiertes Werk</subfield>
  </datafield>
  <datafield tag="999" ind1=" " ind2=" ">
   <subfield code="a">KXP-PPN129065331</subfield>
   <subfield code="e">4653477361</subfield>
  </datafield>
 </record>
</collection>
